| 000 | 00574nam a2200181 i 4500 | ||
|---|---|---|---|
| 001 | 99633 | ||
| 003 | ES-MaACL | ||
| 005 | 20230906182529.0 | ||
| 007 | t| | ||
| 008 | 050914s1959 sp ||||1| spa d | ||
| 100 | 1 |
_aMartínez-Barbeito, Carlos, _d1913-1997 _977884 |
|
| 245 | 1 | 0 |
_aInformaciones genealógicas del Archivo Municipal de la Coruña / _cCarlos Martínez Barbeito. |
| 260 |
_aMadrid : _bHidalguía, _c1959. |
||
| 300 |
_a64 p. ; _c25 cm. |
||
| 651 | 4 |
_aLa Coruña- _xGenealogía. _9157715 |
|
| 852 |
_aES-MaACL _jC-17686 _bR.44941 |
||
| 999 |
_c99633 _d99633 |
||